<?xml version="1.0" encoding="UTF-8"?><?xml-stylesheet type="text/xsl" href="static/style.xsl"?><OAI-PMH xmlns="http://www.openarchives.org/OAI/2.0/" xmlns:xsi="http://www.w3.org/2001/XMLSchema-instance" xsi:schemaLocation="http://www.openarchives.org/OAI/2.0/ http://www.openarchives.org/OAI/2.0/OAI-PMH.xsd"><responseDate>2026-04-17T17:03:22Z</responseDate><request verb="GetRecord" identifier="oai:www.recercat.cat:2445/194989" metadataPrefix="marc">https://recercat.cat/oai/request</request><GetRecord><record><header><identifier>oai:recercat.cat:2445/194989</identifier><datestamp>2025-12-05T14:10:49Z</datestamp><setSpec>com_2072_1057</setSpec><setSpec>col_2072_478815</setSpec><setSpec>col_2072_478917</setSpec></header><metadata><record xmlns="http://www.loc.gov/MARC21/slim" xmlns:dcterms="http://purl.org/dc/terms/" xmlns:xsi="http://www.w3.org/2001/XMLSchema-instance" xmlns:doc="http://www.lyncode.com/xoai" xsi:schemaLocation="http://www.loc.gov/MARC21/slim http://www.loc.gov/standards/marcxml/schema/MARC21slim.xsd">
   <leader>00925njm 22002777a 4500</leader>
   <datafield ind2=" " ind1=" " tag="042">
      <subfield code="a">dc</subfield>
   </datafield>
   <datafield ind2=" " ind1=" " tag="720">
      <subfield code="a">Fernández-Cañabate, Eva</subfield>
      <subfield code="e">author</subfield>
   </datafield>
   <datafield ind2=" " ind1=" " tag="720">
      <subfield code="a">Longoni Merino, M.</subfield>
      <subfield code="e">author</subfield>
   </datafield>
   <datafield ind2=" " ind1=" " tag="720">
      <subfield code="a">Estany Rauly, C.</subfield>
      <subfield code="e">author</subfield>
   </datafield>
   <datafield ind2=" " ind1=" " tag="720">
      <subfield code="a">Pla Poblador, Ramón</subfield>
      <subfield code="e">author</subfield>
   </datafield>
   <datafield ind2=" " ind1=" " tag="260">
      <subfield code="c">2023-03-10T11:16:34Z</subfield>
   </datafield>
   <datafield ind2=" " ind1=" " tag="260">
      <subfield code="c">2023-03-10T11:16:34Z</subfield>
   </datafield>
   <datafield ind2=" " ind1=" " tag="260">
      <subfield code="c">2008-11-02</subfield>
   </datafield>
   <datafield ind2=" " ind1=" " tag="260">
      <subfield code="c">2023-03-10T11:16:34Z</subfield>
   </datafield>
   <datafield ind2=" " ind1=" " tag="520">
      <subfield code="a">El gemtuzumab ozogamicin (GO) es un anticuerpo CD33 humanizado unido al antibiótico antitumoral calicheamicina. El antigeno CD33 se expresa en las células mieloides normales (precursores mieloides, granulocitos, monocitos), pero está ausente en las células linfoides, células madre pluripotenciales y células no hematopoyéticas. Entre un 80-90% de los blastos de las leucemias mieloides agudas expresa el antígeno CD33, por ello es una excelente diana en la terapia con anticuerpos. La indicación autorizada para su utilización es en el tratamiento de pacientes con leucemia mieloide aguda (LMA) CD33+, en primera recaída, con 60 años o más, y que no son candidatos a otros tratamientos quimioterápicos. La dosis recomendada es de 9 mg/m2, perfundidos durante un período de 2 h. Se recomienda la administración de 2 dosis en un intervalo de 14 días. El GO se utiliza también en terapia de combinación en pacientes con LMA refractaria o en recaída, bajo autorización de uso compasivo.</subfield>
   </datafield>
   <datafield tag="653" ind2=" " ind1=" ">
      <subfield code="a">Medicaments</subfield>
   </datafield>
   <datafield tag="653" ind2=" " ind1=" ">
      <subfield code="a">Drugs</subfield>
   </datafield>
   <datafield ind2="0" ind1="0" tag="245">
      <subfield code="a">Revisión del tratamiento con gemtuzumab ozogamicin a propósito de 3 casos clínicos</subfield>
   </datafield>
</record></metadata></record></GetRecord></OAI-PMH>